| 000 | 00966nam a2200253 i 4500 | ||
|---|---|---|---|
| 001 | 103021 | ||
| 003 | ES-MaACL | ||
| 005 | 20251122063118.0 | ||
| 007 | t| | ||
| 008 | 051227s1916 sp |||| |dspa d | ||
| 080 | _a929 Blanco de Paz, Juan | ||
| 100 | 1 |
_aRodríguez Marín, Francisco, _d1855-1943 _998634 |
|
| 245 | 1 | 3 |
_aEl doctor Juan Blanco de Paz : _bconferencia leída en la Asociación de la Prensa de Madrid la noche del 1º de abril de 1916 / _cpor Francisco Rodríguez Marín. |
| 260 |
_aMadrid : _b[s.n.], _c1916 ( _fTip. de la "Revista de Arch. Bibl. y Museos") |
||
| 300 |
_a49 p. ; _c23 cm. |
||
| 500 | _aApéndices. | ||
| 530 | _aDisponible en formato digital. | ||
| 600 | 1 | 4 |
_aBlanco de Paz, Juan. _929241 |
| 710 | 2 |
_aAsociación de la Prensa de Madrid _91608 |
|
| 852 |
_aES-MaACL _jG-13288 _cSPP3 |
||
| 856 | 4 |
_uhttps://archive.org/details/eldoctorjuanblan00rodr _y(Internet Archive) |
|
| 942 | _2udc | ||
| 999 |
_c103021 _d103021 |
||